Grey's Anatomy Match-Up Quiz Stats

 Plays Quiz Updated Oct 24, 2018

Score 0/26 Timer 05:00
2 Plays Today
% Correct
Ellen Pompeo
95.8%
Sandra Oh
95.1%
Patrick Dempsey
94.5%
Katherine Heigl
90.6%
Justin Chambers
86.7%
Jesse Williams
86.6%
Sara Ramirez
86.6%
Isaiah Washington
86.2%
Kate Walsh
85%
T.R. Knight
84.6%
Chandra Wilson
84.6%
Eric Dane
84.5%
Kevin McKidd
82.2%
% Correct
James Pickens, Jr
80.7%
Jessica Capshaw
79.1%
Sarah Drew
75.2%
Chyler Leigh
72%
Camilla Luddington
69%
Gaius Charles
65.3%
Caterina Scorsone
62.2%
Kim Raver
60.1%
Jerrika Hinton
50.8%
Brooke Smith
49.7%
Kelly McCreary
47.2%
Tessa Ferrer
35.7%
Tina Majorino
32.7%

You're not logged in!

Compare scores with friends on all Sporcle quizzes.
OR
Log In

Sporcle TV

Today on Sporcle TV


Watch our educational content, quiz creation guides, and fun videos on Sporcle TV.

Show Comments

Extras

Top Quizzes Today


Score Distribution

Your Account Isn't Verified!

In order to create a playlist on Sporcle, you need to verify the email address you used during registration. Go to your Sporcle Settings to finish the process.

Report this User

Report this user for behavior that violates our Community Guidelines.

Details: